Grafické užívateľské rozhranie systému pre stanovenie zdrojového člena pri havárii JE Dukovany : Diplomová práca

Gespeichert in:
Bibliographische Detailangaben
1. Verfasser: Nabizada, Ghulam Jawid (Verfasst von)
Weitere Verfasser: Božek, Pavol, 1954- (xxx)
Format: Manuskript Buch
Sprache:Slowakisch
Veröffentlicht: Trnava : STU v Bratislave MtF KAIA, 1997
Schlagworte:
Tags: Tag hinzufügen
Keine Tags, Fügen Sie das erste Tag hinzu!

MARC

LEADER 00000ntm a22000003a 4500
001 stu74386
005 20160719155102.4
008 020227s1997----xo------------------slo-d
040 |a STU  |b slo 
041 0 |a slo 
044 |a xo 
100 1 |a Nabizada, Ghulam Jawid  |4 aut 
245 1 |a Grafické užívateľské rozhranie systému pre stanovenie zdrojového člena pri havárii JE Dukovany :  |b Diplomová práca 
260 |a Trnava :  |b STU v Bratislave MtF KAIA,  |c 1997 
300 |a 65 s  |c výťah 
650 7 |a Rozhrania užívateľské  |2 stusub 
650 7 |a elektrárne jadrové  |2 stusub 
650 7 |a Strojárska aplikovaná informatika  |2 stusub 
700 1 |a Božek, Pavol,  |d 1954-  |4 xxx  |u M6000  |U MTF Materiálovotechnologická fakulta  |T MTF Ústav aplikovanej informatiky, automatizácie a matematiky  |X 320  |U M6000  |Y 86  |7 A000000320 
996 |b 284M041788  |c M*DP-1118  |l MMSKP  |s P  |a 0  |w stu74386_0001